| 000 | 00596nam a22001817a 4500 | ||
|---|---|---|---|
| 003 | OSt | ||
| 005 | 20260204083442.0 | ||
| 008 | 260204b |||||||| |||| 00| 0 eng d | ||
| 020 | _a978-971-0445-13-4. | ||
| 040 |
_aDWC-Main lib _cOC |
||
| 082 | _aFil. 910.46 C354n 2007 | ||
| 100 | _aCastor, Marlon M. | ||
| 245 |
_aNotes on relevant hospitality laws : _bPhilippine setting _cMarlon M. Castro |
||
| 260 |
_aManila : _bMindshapers Co., Inc., _cc2007. |
||
| 300 |
_aix, 143 pages : _billustration ; _c22 cm. |
||
| 650 | _a1. Hospitality industry-Philippines-Laws. | ||
| 942 |
_2ddc _cBK - FIL _kFil. _n0 |
||
| 999 |
_c8277 _d8277 |
||